Economic systems

Saved in:
Bibliographic Details
Main Author: Grossman, Gregory
Format: Book
Language:English
Published: Englewood Cliffs, N.J. : Prentice-Hall, [1974]
Edition:2nd ed.
Series:Foundations of modern economics series
Subjects:
Tags: Add Tag
No Tags, Be the first to tag this record!

MARC

LEADER 00000cam a2200000 i 4500
001 1/24680
008 960423s1974 eng d
020 |a 0132334860 
035 |l 10022342 
040 |a GR-MY-UA  |b gre  |e aacr 
041 0 |a eng 
082 0 |a 330.12 
100 1 |a Grossman, Gregory. 
245 1 0 |a Economic systems 
250 |a 2nd ed. 
260 |a Englewood Cliffs, N.J. :   |b Prentice-Hall,   |c [1974] 
300 |a xii, 195 p;  |c 24 cm 
490 1 |a Foundations of modern economics series 
504 |a Bibliography: p. 181-182 
650 0 0 |a Comparative economics. 
852 |a INST  |b CHIOS  |e 19960423  |h 330.12 GRO  |p 005200005962  |q 005200005962  |t BK  |y 0 
909 |a Χ  |b 003830